Olvasás I. osztály

Elmentve itt :
Bibliográfiai részletek
Dokumentumtípus: Cikk
Megjelent: 1938
Sorozat:Gyakorlati pedagógia 4 No. 2
Kulcsszavak:Pedagógia - gyakorlati, Óravázlat, Magyar irodalom tanítása - általános iskola, Verselemzés - magyar
Tárgyszavak:
Online Access:http://acta.bibl.u-szeged.hu/51519
LEADER 00674nab a2200181 i 4500
001 acta51519
005 20250408154737.0
008 180425s1938 hu o 000 hun d
040 |a SZTE Egyetemi Kiadványok Repozitórium  |b hun 
041 |a hun 
245 0 0 |a Olvasás   |h [elektronikus dokumentum] :  |b I. osztály 
260 |c 1938 
300 |a 71-72 
490 0 |a Gyakorlati pedagógia  |v 4 No. 2 
650 4 |a Társadalomtudományok 
650 4 |a Oktatástudomány 
695 |a Pedagógia - gyakorlati, Óravázlat, Magyar irodalom tanítása - általános iskola, Verselemzés - magyar 
856 4 0 |u http://acta.bibl.u-szeged.hu/51519/1/gyakorlati_1938_002_071-072.pdf  |z Dokumentum-elérés